<?xml version="1.0" encoding="UTF-8"?>
<record
    xmlns:xsi="http://www.w3.org/2001/XMLSchema-instance"
    xsi:schemaLocation="http://www.loc.gov/MARC21/slim http://www.loc.gov/standards/marcxml/schema/MARC21slim.xsd"
    xmlns="http://www.loc.gov/MARC21/slim">

  <leader>01328nam a22001697a 4500</leader>
  <controlfield tag="008">190902b        xxu||||| |||| 00| 0 eng d</controlfield>
  <datafield tag="020" ind1=" " ind2=" ">
    <subfield code="a">9788122427479</subfield>
  </datafield>
  <datafield tag="050" ind1=" " ind2=" ">
    <subfield code="a">TD193.K52(2e)</subfield>
  </datafield>
  <datafield tag="100" ind1=" " ind2=" ">
    <subfield code="a">Khopkar, S. M.</subfield>
  </datafield>
  <datafield tag="245" ind1=" " ind2=" ">
    <subfield code="a">Environmental pollution analysis. /</subfield>
    <subfield code="c">S. M. Khophar.</subfield>
  </datafield>
  <datafield tag="250" ind1=" " ind2=" ">
    <subfield code="a">2nd ed.</subfield>
  </datafield>
  <datafield tag="260" ind1=" " ind2=" ">
    <subfield code="a">New Dehli :</subfield>
    <subfield code="b">New Age International (P) Limited, Publishers,</subfield>
    <subfield code="c">2011.</subfield>
  </datafield>
  <datafield tag="300" ind1=" " ind2=" ">
    <subfield code="a">xxi, 308 p. :</subfield>
    <subfield code="b">ill. ;</subfield>
    <subfield code="c">24 cm.</subfield>
  </datafield>
  <datafield tag="500" ind1=" " ind2=" ">
    <subfield code="a">Includes index.</subfield>
  </datafield>
  <datafield tag="505" ind1=" " ind2=" ">
    <subfield code="a">Contents: Introduction to environmental pollution -- Modern methods of pollution analysis -- Toxic pollutants and their analysis  -- Sampling and analysis of air pollutants -- Introduction to air pollution -- Analysis of major pollutants -- Analysis of air pollutants -- Air pollution monitoring -- Introduction to water pollution -- Water pollution analysis -- Water treatment -- Metal pollutants analysis - specific methods -- Metal pollutants analysis by instrumental methods -- Analysis of organic compounds in water from its bulk properties -- Analysis of specific organic compounds in water -- Microbiological examination of the water -- Analysis of industrial effluents -- Domestic effluents and their analysis -- Land pollution, pesticides and their analysis -- Noise pollution and its measurement -- Odour and its measurement. </subfield>
  </datafield>
  <datafield tag="942" ind1=" " ind2=" ">
    <subfield code="2">lcc</subfield>
    <subfield code="c">BK</subfield>
  </datafield>
  <datafield tag="999" ind1=" " ind2=" ">
    <subfield code="c">6932</subfield>
    <subfield code="d">14432</subfield>
  </datafield>
  <datafield tag="952" ind1=" " ind2=" ">
    <subfield code="0">0</subfield>
    <subfield code="1">0</subfield>
    <subfield code="2">lcc</subfield>
    <subfield code="4">0</subfield>
    <subfield code="7">0</subfield>
    <subfield code="a">WIUC-1</subfield>
    <subfield code="b">WIUC-1</subfield>
    <subfield code="c">REF</subfield>
    <subfield code="d">2019-09-02</subfield>
    <subfield code="l">0</subfield>
    <subfield code="o">TD193.K52(2e)</subfield>
    <subfield code="p">8006/433/15</subfield>
    <subfield code="r">2019-09-02 00:00:00</subfield>
    <subfield code="w">2019-09-02</subfield>
    <subfield code="y">BK</subfield>
  </datafield>
</record>
